[Event "Bayern-chTT (Oberliga)"]
[Site "Bayern 2008/09"]
[Date "2008.10.26"]
[Round "2.6"]
[White "Jauernig, Udo"]
[Black "Braun, Christian Dr(67)"]
[Result "1/2-1/2"]
[WhiteElo "2161"]
[BlackElo "2185"]
[PlyCount "46"]
[EventDate "2009.03.??"]
[EventType "team-tourn"]
[EventRounds "9"]
[WhiteTeam "Regensburg-Fortuna 1"]
[BlackTeam "München-Bayern 2"]

1. d4 Nf6 2. c4 e6 3. g3 d5 4. Nf3 dxc4 5. Bg2 Nc6 6. Qa4 Bb4+ 7. Bd2 Bd6 8.
O-O O-O 9. Qxc4 e5 10. dxe5 Nxe5 11. Nxe5 Bxe5 12. Bc3 Bxc3 13. Nxc3 c6 14.
Rfd1 Qe7 15. Qh4 Be6 16. Ne4 Rfd8 17. b3 Rxd1+ 18. Rxd1 Rd8 19. Nxf6+ gxf6 20.
Rd4 Rxd4 21. Qxd4 Qa3 22. Qd2 Kg7 23. h4 a5 1/2-1/2

[Event "Bayern-chTT (Oberliga)"]
[Site "Bayern 2008/09"]
[Date "2008.10.26"]
[Round "2.7"]
[White "Kunze, Holger"]
[Black "Heumann, Joern"]
[Result "1-0"]
[WhiteElo "2068"]
[BlackElo "2110"]
[PlyCount "127"]
[EventDate "2009.03.??"]
[EventType "team-tourn"]
[EventRounds "9"]
[WhiteTeam "München-Bayern 2"]
[BlackTeam "Regensburg-Fortuna 1"]

1. d4 Nf6 2. c4 e6 3. Nf3 Bb4+ 4. Nbd2 b6 5. g3 Bb7 6. Bg2 O-O 7. O-O Re8 8.
Qc2 Bxd2 9. Bxd2 Be4 10. Qd1 d6 11. Bc3 Nbd7 12. Bh3 d5 13. Nd2 dxc4 14. Nxc4
Qe7 15. Re1 Red8 16. f3 Bd5 17. Qd3 c5 18. e4 Bb7 19. Rad1 cxd4 20. Qxd4 Nc5
21. Qe3 h6 22. Bf1 Rac8 23. Be5 Ne8 24. b3 f6 25. Bb2 Rxd1 26. Rxd1 Rd8 27.
Rxd8 Qxd8 28. Qd4 Qxd4+ 29. Bxd4 Nc7 30. Kf2 Kf8 31. Nd6 Ba6 32. Bxc5 bxc5 33.
Bxa6 Nxa6 34. a3 Ke7 35. Nc8+ Kd7 36. Nxa7 Kc7 37. Nb5+ Kc6 38. Nc3 Nc7 39. Ke3
Kd6 40. Kd3 Kc6 41. Kc4 Ne8 42. e5 fxe5 43. Ne4 g5 44. g4 Nc7 45. Nxc5 Nb5 46.
a4 Nd4 47. b4 Nxf3 48. b5+ Kb6 49. Kb4 Nd4 50. Nd7+ Kc7 51. Nxe5 Nc2+ 52. Kc5
Ne3 53. a5 Nd5 54. Nc4 Nc3 55. a6 Ne4+ 56. Kd4 Nf6 57. h3 Nd7 58. Ke4 Kb8 59.
Ne5 Nf6+ 60. Kd4 Kc7 61. Nf7 Kb6 62. Nxh6 Nd5 63. Nf7 Nc7 64. Nxg5 1-0

[Event "Bayern-chTT (Oberliga)"]
[Site "Bayern 2008/09"]
[Date "2008.10.26"]
[Round "2.8"]
[White "Boca, Harald"]
[Black "Braun, Thomas Dr(57)"]
[Result "0-1"]
[WhiteElo "2080"]
[BlackElo "2078"]
[PlyCount "56"]
[EventDate "2009.03.??"]
[EventType "team-tourn"]
[EventRounds "9"]
[WhiteTeam "Regensburg-Fortuna 1"]
[BlackTeam "München-Bayern 2"]

1. d4 Nf6 2. Nf3 e6 3. c4 d5 4. Nc3 c5 5. e3 Nc6 6. Be2 Be7 7. O-O O-O 8. a3
cxd4 9. exd4 b6 10. Bg5 Bb7 11. Qa4 dxc4 12. Rfd1 Nd5 13. Bxe7 Ncxe7 14. g3
Nxc3 15. bxc3 Qd5 16. Rab1 Bc6 17. Qb4 Rfe8 18. Re1 b5 19. Bd1 a5 20. Qb2 Ng6
21. h4 e5 22. Kf1 exd4 23. Rxe8+ Rxe8 24. cxd4 Qf5 25. Ng5 Qd3+ 26. Be2 Rxe2
27. Qxe2 Qxb1+ 28. Qe1 Bg2+ 0-1

[Event "Bayern-chTT (Oberliga)"]
[Site "Bayern 2008/09"]
[Date "2008.10.26"]
[Round "2.1"]
[White "Milov, Leonid"]
[Black "Baldauf, Marco"]
[Result "1-0"]
[WhiteElo "2501"]
[BlackElo "2289"]
[PlyCount "91"]
[EventDate "2009.03.??"]
[EventType "team-tourn"]
[EventRounds "9"]
[WhiteTeam "Nürnberg-NT 1"]
[BlackTeam "Pang/Ro.1"]

1. e4 c5 2. Nf3 d6 3. d4 cxd4 4. Nxd4 Nf6 5. Nc3 g6 6. Be3 Bg7 7. f3 Nc6 8. Qd2
O-O 9. O-O-O d5 10. Kb1 Nxd4 11. e5 Nf5 12. exf6 Bxf6 13. Nxd5 Qxd5 14. Qxd5
Nxe3 15. Qd2 Nxd1 16. Qxd1 Be6 17. Bb5 a6 18. Ba4 Rfd8 19. Qe2 Rd4 20. Bb3 Bxb3
21. axb3 Rad8 22. g3 Kg7 23. Kc1 b5 24. c3 R4d5 25. b4 h5 26. Kc2 e6 27. h4 Be5
28. Qf2 R8d7 29. Ra1 R5d6 30. Qe1 Bf6 31. g4 hxg4 32. fxg4 g5 33. hxg5 Bxg5 34.
Qe5+ Bf6 35. Qe3 Rd5 36. Rxa6 Re5 37. Qf3 Bg5 38. Kb3 Bf6 39. Ra1 Rc7 40. Ra8
Rd7 41. Qc6 Rd2 42. Qe8 Kg6 43. Ra7 Ree2 44. Qxf7+ Kg5 45. Ra2 Bxc3 46. Kxc3
1-0

[Event "Bayern-chTT (Oberliga)"]
[Site "Bayern 2008/09"]
[Date "2008.10.26"]
[Round "2.2"]
[White "Blaskowski, Johannes"]
[Black "Mischustov, Michael"]
[Result "1-0"]
[WhiteElo "2295"]
[BlackElo "2345"]
[PlyCount "81"]
[EventDate "2009.03.??"]
[EventType "team-tourn"]
[EventRounds "9"]
[WhiteTeam "Pang/Ro.1"]
[BlackTeam "Nürnberg-NT 1"]

1. e4 e6 2. d4 d5 3. exd5 exd5 4. Qf3 Nf6 5. h3 h6 6. Bd3 Bd6 7. Ne2 c6 8. Be3
Na6 9. c3 Nc7 10. Nd2 Ne6 11. O-O-O Bd7 12. g4 Qe7 13. Qg2 O-O-O 14. Rde1 Rde8
15. Nf3 Kb8 16. Ne5 Bc8 17. f4 Nd8 18. Ng3 Qc7 19. Bd2 Nd7 20. Nf5 Nxe5 21.
fxe5 Bf8 22. Bf4 Be6 23. Kb1 Ka8 24. Bg3 Qd7 25. Qf2 h5 26. g5 g6 27. Nd6 Bxd6
28. exd6 b6 29. Qf4 Nb7 30. Ba6 Bxh3 31. Rxe8+ Rxe8 32. Rxh3 Qxh3 33. Bxb7+
Kxb7 34. Qxf7+ Ka6 35. Qxe8 Qxg3 36. Qxc6 Qd3+ 37. Kc1 Qe3+ 38. Kc2 Qe6 39. Kb3
h4 40. Ka4 Qf5 41. d7 1-0

[Event "Bayern-chTT (Oberliga)"]
[Site "Bayern 2008/09"]
[Date "2008.10.26"]
[Round "2.3"]
[White "Wagner, Florian(06.90)"]
[Black "Vogel, Robert(57)"]
[Result "0-1"]
[WhiteElo "2234"]
[BlackElo "2207"]
[PlyCount "86"]
[EventDate "2009.03.??"]
[EventType "team-tourn"]
[EventRounds "9"]
[WhiteTeam "Nürnberg-NT 1"]
[BlackTeam "Pang/Ro.1"]

1. d4 g6 2. e4 Bg7 3. Nc3 d6 4. Be3 c6 5. a4 Nd7 6. g3 Ngf6 7. h3 O-O 8. Bg2 e5
9. Nge2 Re8 10. O-O b6 11. g4 Ba6 12. Re1 h5 13. g5 Nh7 14. f4 exf4 15. Bxf4
Ndf8 16. h4 f6 17. Qd2 fxg5 18. hxg5 Ne6 19. Be3 Nexg5 20. Nf4 Qf6 21. a5 Bh6
22. axb6 axb6 23. Nd3 Bb7 24. e5 dxe5 25. dxe5 Qg7 26. Rxa8 Bxa8 27. Nf4 Qxe5
28. Bf2 Qb8 29. Rxe8+ Qxe8 30. Qd6 Nf8 31. Bf1 b5 32. Bd3 Nf3+ 33. Kf1 Ne5 34.
Ne4 Bg7 35. Nf6+ Bxf6 36. Qxf6 Nxd3 37. cxd3 Qf7 38. Qg5 Qd7 39. Nxh5 Qxd3+ 40.
Kg2 c5+ 41. Kh2 Qf3 42. Nf6+ Kf7 43. Qd5+ Bxd5 0-1

[Event "Bayern-chTT (Oberliga)"]
[Site "Bayern 2008/09"]
[Date "2008.10.26"]
[Round "2.4"]
[White "Maurer, Jochen(80)"]
[Black "Epding, Olaf"]
[Result "1/2-1/2"]
[WhiteElo "2164"]
[BlackElo "2157"]
[PlyCount "62"]
[EventDate "2009.03.??"]
[EventType "team-tourn"]
[EventRounds "9"]
[WhiteTeam "Pang/Ro.1"]
[BlackTeam "Nürnberg-NT 1"]

1. e4 c5 2. Nf3 Nc6 3. d4 cxd4 4. Nxd4 Nf6 5. Nc3 d6 6. Bg5 e6 7. Qd2 a6 8.
O-O-O Bd7 9. f4 b5 10. Bxf6 gxf6 11. Kb1 Qb6 12. Nf3 O-O-O 13. Qe1 Kb8 14. f5
Bc8 15. Ne2 Ne5 16. Nf4 Bh6 17. Qh4 Bxf4 18. Qxf4 Rhg8 19. h3 exf5 20. Nd4 fxe4
21. Qxe4 Rg6 22. Rh2 Bb7 23. Qf4 h5 24. Be2 Rh8 25. Bf3 Nxf3 26. gxf3 Rhg8 27.
Rhd2 Qc5 28. Qe3 Qe5 29. Qb3 Qd5 30. Qe3 Qe5 31. Qb3 Qd5 1/2-1/2

[Event "Bayern-chTT (Oberliga)"]
[Site "Bayern 2008/09"]
[Date "2008.10.26"]
[Round "2.5"]
[White "Kirchner, Thomas"]
[Black "Duer, Werner"]
[Result "1/2-1/2"]
[WhiteElo "2266"]
[BlackElo "2189"]
[PlyCount "152"]
[EventDate "2009.03.??"]
[EventType "team-tourn"]
[EventRounds "9"]
[WhiteTeam "Nürnberg-NT 1"]
[BlackTeam "Pang/Ro.1"]

1. e4 e5 2. Nf3 Nc6 3. Bc4 Bc5 4. c3 Nf6 5. d3 d6 6. O-O O-O 7. Bb3 a6 8. Qe2
Qe7 9. Rd1 Be6 10. Bg5 h6 11. Be3 Bxb3 12. axb3 Ng4 13. Bxc5 dxc5 14. h3 Nf6
15. Nh4 g6 16. Nd2 Kh7 17. g3 a5 18. Nc4 b6 19. Kh2 Rad8 20. Rd2 Rd7 21. Rad1
Rfd8 22. f4 exf4 23. gxf4 b5 24. Ne3 Nxe4 25. dxe4 Rxd2 26. Rxd2 Rxd2 27. Qxd2
Qxh4 28. Nd5 Qd8 29. Qd3 Na7 30. e5 Kg7 31. Qe4 Nc8 32. e6 fxe6 33. Qxe6 Nd6
34. Qe5+ Kf7 35. Ne3 Qf6 36. Qd5+ Kg7 37. Qxc5 Qxf4+ 38. Kh1 Nf5 39. Nxf5+ gxf5
40. Qe7+ Kg6 41. Qe8+ Kg5 42. Qxb5 Qc1+ 43. Kg2 Qxb2+ 44. Kg3 Qxc3+ 45. Kg2 Qb4
46. Qd7 Qe4+ 47. Kh2 Qc2+ 48. Kg1 Qxb3 49. Qg7+ Kh5 50. Qxc7 a4 51. Qe5 Qb1+
52. Kh2 Qe4 53. Qc7 Qe2+ 54. Kg1 Qa6 55. Kf2 Qf6 56. Qa7 Qh4+ 57. Kg2 Qc4 58.
Kh2 Qc2+ 59. Kg3 Qb3+ 60. Kf4 a3 61. Qa8 Kh4 62. Qa6 Qg3+ 63. Kxf5 Qxh3+ 64.
Kf4 Qg3+ 65. Ke4 h5 66. Qf1 Qg4+ 67. Ke5 Qg5+ 68. Ke6 Qe3+ 69. Kd6 Kg4 70. Kd7
h4 71. Qh1 h3 72. Qd1+ Kg3 73. Qh1 h2 74. Qd1 Qf3 75. Qd6+ Kg2 76. Qd2+ Kg1
1/2-1/2

[Event "Bayern-chTT (Oberliga)"]
[Site "Bayern 2008/09"]
[Date "2008.10.26"]
[Round "2.6"]
[White "Heubusch, Michael"]
[Black "Martin, Thomas(66)"]
[Result "0-1"]
[WhiteElo "2122"]
[BlackElo "2266"]
[PlyCount "60"]
[EventDate "2009.03.??"]
[EventType "team-tourn"]
[EventRounds "9"]
[WhiteTeam "Pang/Ro.1"]
[BlackTeam "Nürnberg-NT 1"]

1. d4 Nf6 2. c4 g6 3. Nc3 Bg7 4. e4 d6 5. h3 e5 6. dxe5 dxe5 7. Qxd8+ Kxd8 8.
Nf3 Nbd7 9. Be3 c6 10. O-O-O Kc7 11. c5 Bf8 12. Bc4 Bxc5 13. Bxc5 Nxc5 14. Nxe5
b5 15. Bxf7 b4 16. Ne2 Nfxe4 17. Rhf1 Nd6 18. f4 Ba6 19. Rfe1 Nxf7 20. Nxf7
Rhf8 21. Ne5 Rae8 22. Nd4 Rxf4 23. Ndxc6 Bb7 24. Rd5 Rxe5 25. Rexe5 Rc4+ 26.
Kb1 Kxc6 27. Rd8 Kb6 28. Rd6+ Kc7 29. Rd2 Be4+ 30. Rxe4 Rxe4 0-1

[Event "Bayern-chTT (Oberliga)"]
[Site "Bayern 2008/09"]
[Date "2008.10.26"]
[Round "2.7"]
[White "Heimrath, Reiner"]
[Black "Wimmer, Herbert(42)"]
[Result "1-0"]
[WhiteElo "2178"]
[BlackElo "2069"]
[PlyCount "63"]
[EventDate "2009.03.??"]
[EventType "team-tourn"]
[EventRounds "9"]
[WhiteTeam "Nürnberg-NT 1"]
[BlackTeam "Pang/Ro.1"]

1. d4 Nf6 2. Nf3 d5 3. e3 Bg4 4. Nbd2 e6 5. Bd3 Nc6 6. h3 Bh5 7. Be2 Be7 8. b3
Bg6 9. a3 Ne4 10. Bb2 O-O 11. O-O Qd6 12. c4 Bf6 13. Rc1 Rad8 14. b4 Nxd2 15.
Qxd2 dxc4 16. Bxc4 e5 17. b5 e4 18. Nh2 Nb8 19. Qa5 Qb6 20. Qb4 h5 21. Qb3 Nd7
22. Rc2 Rc8 23. Rfc1 Be7 24. Nf1 Qf6 25. Bd5 Bd6 26. Bxb7 Rb8 27. Bc6 Bf5 28.
Ng3 Bxg3 29. fxg3 Qg5 30. Kh2 Nf6 31. Rc5 h4 32. gxh4 1-0

[Event "Bayern-chTT (Oberliga)"]
[Site "Bayern 2008/09"]
[Date "2008.10.26"]
[Round "2.8"]
[White "Lindenberg, Georg"]
[Black "Schulze, Hubertus"]
[Result "1/2-1/2"]
[WhiteElo "2086"]
[BlackElo "2031"]
[PlyCount "97"]
[EventDate "2009.03.??"]
[EventType "team-tourn"]
[EventRounds "9"]
[WhiteTeam "Pang/Ro.1"]
[BlackTeam "Nürnberg-NT 1"]

1. e4 c6 2. d4 d5 3. Nc3 dxe4 4. Nxe4 Nf6 5. Ng3 h5 6. h4 Bg4 7. Be2 e6 8. Qd3
Bd6 9. Bxg4 Nxg4 10. Ne4 Be7 11. Nf3 Nd7 12. Bg5 Ndf6 13. O-O Qc7 14. g3 Nxe4
15. Qxe4 Bd6 16. Kg2 O-O 17. c4 Rae8 18. c5 Be7 19. Bf4 Qd7 20. Qc2 Qd5 21.
Rfe1 Rd8 22. b4 Rfe8 23. Rad1 g6 24. Be5 Rd7 25. Rd2 Kh7 26. Rde2 b5 27. Qc3
Nxe5 28. dxe5 Qd3 29. Qc1 Red8 30. Rd2 Qf5 31. Red1 Rxd2 32. Rxd2 Rd5 33. Rxd5
exd5 34. Qe3 Kg7 35. Nd4 Qc8 36. f3 f6 37. f4 Kf7 38. e6+ Kg7 39. f5 g5 40. g4
hxg4 41. hxg5 fxg5 42. Kg3 Qc7+ 43. Kxg4 Qh2 44. Qg3 Qxa2 45. Nxc6 Qc4+ 46. Kh3
Qf1+ 47. Kh2 Qe2+ 48. Kg1 Qd1+ 49. Kh2 1/2-1/2

[Event "Bayern-chTT (Oberliga)"]
[Site "Bayern 2008/09"]
[Date "2008.10.26"]
[Round "2.2"]
[White "Jirovsky, Pavel"]
[Black "Rohrmueller, Ulrich"]
[Result "1/2-1/2"]
[WhiteElo "2295"]
[BlackElo "2275"]
[PlyCount "55"]
[EventDate "2009.03.??"]
[EventType "team-tourn"]
[EventRounds "9"]
[WhiteTeam "Königshofen 1"]
[BlackTeam "Gröbenzell 1"]

1. Nf3 d5 2. g3 Nf6 3. Bg2 c6 4. O-O Bg4 5. d4 Nbd7 6. b3 e6 7. Bb2 Bd6 8. Nbd2
Qe7 9. h3 Bxf3 10. Bxf3 Ba3 11. Qc1 Bxb2 12. Qxb2 O-O 13. e3 e5 14. c4 exd4 15.
Qxd4 Ne5 16. Bg2 Rfd8 17. c5 a5 18. a3 Ned7 19. b4 a4 20. Rad1 Nf8 21. Qb2 Ne6
22. Nf3 Ne8 23. Rd3 Qf6 24. Ne5 N8c7 25. f4 Nf8 26. Qc2 Ng6 27. Ng4 Qe7 28. Nf2
1/2-1/2

[Event "Bayern-chTT (Oberliga)"]
[Site "Bayern 2008/09"]
[Date "2008.10.26"]
[Round "2.3"]
[White "Schuster, Karsten(73)"]
[Black "Studnicka, Tomas"]
[Result "0-1"]
[WhiteElo "2196"]
[BlackElo "2241"]
[PlyCount "110"]
[EventDate "2009.03.??"]
[EventType "team-tourn"]
[EventRounds "9"]
[WhiteTeam "Gröbenzell 1"]
[BlackTeam "Königshofen 1"]

1. d4 Nf6 2. c4 g6 3. Nc3 d5 4. Nf3 Bg7 5. cxd5 Nxd5 6. Qb3 Nb6 7. e4 Bg4 8.
Ng5 O-O 9. h3 Bc8 10. Nf3 Nc6 11. d5 Ne5 12. Nxe5 Bxe5 13. Bh6 Re8 14. Rd1 Qd6
15. Bb5 Bd7 16. O-O a6 17. Bxd7 Nxd7 18. Be3 c5 19. f4 Bg7 20. a4 Rac8 21. Qc4
Nb6 22. Qb3 Nd7 23. e5 Qb6 24. Qc2 Qa5 25. Ne4 c4 26. Kh1 Qb4 27. Ra1 Red8 28.
Ra3 f6 29. e6 Nf8 30. Rd1 f5 31. Nc3 h6 32. Qe2 Nh7 33. g4 fxg4 34. hxg4 Nf6
35. Raa1 h5 36. g5 Ng4 37. Bd4 Qd6 38. Bxg7 Kxg7 39. Rd4 Rf8 40. Rf1 b5 41.
axb5 Qb6 42. Qd2 axb5 43. d6 Rcd8 44. Ne4 Qb7 45. Kg1 Kg8 46. Rd1 exd6 47. Nxd6
Qf3 48. e7 Qg3+ 49. Qg2 Qe3+ 50. Kh1 Nf2+ 51. Kh2 Ng4+ 52. Kh1 Qxe7 53. Qd5+
Kh7 54. R1d2 Qe1+ 55. Kg2 Ne3+ 0-1

[Event "Bayern-chTT (Oberliga)"]
[Site "Bayern 2008/09"]
[Date "2008.10.26"]
[Round "2.4"]
[White "Stross, Frantisek"]
[Black "Zach, Andreas(60)"]
[Result "1/2-1/2"]
[WhiteElo "2298"]
[BlackElo "2241"]
[PlyCount "107"]
[EventDate "2009.03.??"]
[EventType "team-tourn"]
[EventRounds "9"]
[WhiteTeam "Königshofen 1"]
[BlackTeam "Gröbenzell 1"]

1. e4 e6 2. d4 d5 3. Nc3 Be7 4. Nf3 Nf6 5. e5 Ne4 6. Bd3 Nxc3 7. bxc3 c5 8. O-O
c4 9. Be2 Nd7 10. Ne1 Qa5 11. Bd2 Ba3 12. Rb1 Nb6 13. f4 Na4 14. Rf3 Bb2 15.
Rxb2 Nxb2 16. Qc1 Qxa2 17. Rg3 Na4 18. Rxg7 Qb2 19. Qxb2 Nxb2 20. Bh5 Bd7 21.
Rxf7 O-O-O 22. Re7 a5 23. Bc1 Na4 24. f5 exf5 25. e6 Bc6 26. Bf4 Rde8 27. Rc7+
Kd8 28. Bxe8 Rxe8 29. Rxh7 Nxc3 30. Bc7+ Kc8 31. Bxa5 Ne2+ 32. Kf2 Nxd4 33. e7
Ba4 34. Bb6 Ne6 35. c3 Ng5 36. Rg7 Ne4+ 37. Ke3 Nxc3 38. Kd4 Ne2+ 39. Kxd5 c3
40. Nd3 Bb5 41. Nb4 Kd7 42. Ke5 f4 43. Bd4 Bc6 44. Nd3 c2 45. Bb2 Rh8 46. Nc1
Rh5+ 47. Kf6 Nxc1 48. Bxc1 Rh6+ 49. Rg6 Rxg6+ 50. Kxg6 Kxe7 51. Kg5 Kd6 52.
Kxf4 Kc5 53. Ke3 Bxg2 54. Kd3 1/2-1/2

[Event "Bayern-chTT (Oberliga)"]
[Site "Bayern 2008/09"]
[Date "2008.10.26"]
[Round "2.5"]
[White "Kaunzinger, Albert"]
[Black "Sternheimer, Erhard"]
[Result "1/2-1/2"]
[WhiteElo "2154"]
[BlackElo "2194"]
[PlyCount "125"]
[EventDate "2009.03.??"]
[EventType "team-tourn"]
[EventRounds "9"]
[WhiteTeam "Gröbenzell 1"]
[BlackTeam "Königshofen 1"]

1. a4 d5 2. g3 Nf6 3. Bg2 e6 4. d3 Be7 5. Nc3 O-O 6. Nf3 Nc6 7. O-O d4 8. Nb5
a6 9. Na3 Nd5 10. Nc4 f6 11. e3 dxe3 12. Nxe3 Nxe3 13. Bxe3 e5 14. c3 Be6 15.
d4 exd4 16. Nxd4 Nxd4 17. Bxd4 c6 18. Re1 Bc4 19. Qg4 Bb3 20. h4 Rf7 21. Be4
Qa5 22. Bf5 g6 23. Bxg6 hxg6 24. Rxe7 Rxe7 25. Qxg6+ Rg7 26. Qxf6 Qc7 27. Qxg7+
Qxg7 28. Bxg7 Kxg7 29. Re1 Kf7 30. Re4 a5 31. Rd4 Re8 32. Kf1 c5 33. Rf4+ Kg7
34. g4 Rf8 35. Re4 Bc2 36. Re5 b6 37. Re6 Rb8 38. f4 Bxa4 39. f5 Bb3 40. Rg6+
Kh7 41. g5 Bc2 42. Rf6 b5 43. Rf7+ Kg8 44. Ra7 a4 45. f6 b4 46. cxb4 cxb4 47.
Rg7+ Kf8 48. g6 Bxg6 49. Rxg6 a3 50. Ke2 a2 51. Rg1 b3 52. Kd3 Ra8 53. Ra1 Rc8
54. h5 Kf7 55. Rf1 Rc2 56. h6 Rxb2 57. h7 Rh2 58. Kc3 b2 59. h8=Q b1=N+ 60. Kb3
a1=N+ 61. Kc4 Nd2+ 62. Kd5 Rxh8 63. Rxa1 1/2-1/2

[Event "Bayern-chTT (Oberliga)"]
[Site "Bayern 2008/09"]
[Date "2008.10.26"]
[Round "2.6"]
[White "Fischer, Thomas(92)"]
[Black "Schmidt, Anton(61)"]
[Result "1/2-1/2"]
[WhiteElo "2071"]
[BlackElo "2054"]
[PlyCount "46"]
[EventDate "2009.03.??"]
[EventType "team-tourn"]
[EventRounds "9"]
[WhiteTeam "Königshofen 1"]
[BlackTeam "Gröbenzell 1"]

1. c4 e5 2. Nc3 Nc6 3. g3 f5 4. Bg2 Nf6 5. e3 g6 6. Nge2 Bg7 7. O-O d6 8. d4
Bd7 9. d5 Ne7 10. e4 O-O 11. f4 Nxe4 12. Nxe4 fxe4 13. Bxe4 Bg4 14. Qd3 Bxe2
15. Qxe2 Nf5 16. fxe5 Bxe5 17. Bxf5 Rxf5 18. Be3 Qf6 19. Rxf5 gxf5 20. Rf1 b6
21. b3 Qg6 22. Qd3 Rf8 23. Bf4 Qg7 1/2-1/2

[Event "Bayern-chTT (Oberliga)"]
[Site "Bayern 2008/09"]
[Date "2008.10.26"]
[Round "2.7"]
[White "Stocker, Rupert"]
[Black "Jahrsdoerfer, Gerd"]
[Result "0-1"]
[WhiteElo "2045"]
[BlackElo "2124"]
[PlyCount "178"]
[EventDate "2009.03.??"]
[EventType "team-tourn"]
[EventRounds "9"]
[WhiteTeam "Gröbenzell 1"]
[BlackTeam "Königshofen 1"]

1. c4 e6 2. g3 d5 3. Bg2 f5 4. Nf3 Nf6 5. O-O Bd6 6. b3 Qe7 7. Bb2 O-O 8. Nc3
c6 9. Qc2 Ne4 10. d3 Nxc3 11. Qxc3 Nd7 12. e4 dxe4 13. dxe4 fxe4 14. Nd2 Be5
15. Qc2 Bxb2 16. Qxb2 e3 17. fxe3 Nf6 18. Qe5 Bd7 19. Bh3 Rae8 20. Nf3 Bc8 21.
Rad1 Nd7 22. Qd4 c5 23. Qd6 Rf6 24. Qxe7 Rxe7 25. Ng5 Rxf1+ 26. Kxf1 Nf8 27.
Rd8 Bd7 28. Ke1 h6 29. Ne4 b6 30. Nd6 e5 31. Bg2 g5 32. Bd5+ Kg7 33. Ra8 Bg4
34. Nb5 a5 35. Nc3 Rd7 36. Rb8 Rd6 37. Ne4 Rg6 38. Rb7+ Bd7 39. Nf2 Rd6 40. Nd3
Kf6 41. Rb8 Ng6 42. Nf2 Bf5 43. Kd2 Ne7 44. Rf8+ Kg6 45. e4 Be6 46. Nd3 Kg7 47.
Re8 Kf7 48. Rb8 Kf6 49. Bxe6 Kxe6 50. Ke3 Ng6 51. Rb7 Nf8 52. Nb2 Nd7 53. Na4
Ke7 54. Nc3 Kd8 55. Ra7 Kc8 56. Nb5 Rd1 57. Rc7+ Kd8 58. Rc6 Re1+ 59. Kd3 Rd1+
60. Kc2 Rf1 61. Rxh6 Rf2+ 62. Kb1 Nf6 63. Nc3 Ng4 64. Rxb6 Nxh2 65. Rb5 Rf3 66.
Kc2 Rxg3 67. Rxc5 Nf3 68. Rxa5 g4 69. Ra8+ Ke7 70. Nd5+ Kf7 71. a4 Nd4+ 72. Kd1
Rxb3 73. Ke1 g3 74. Kf1 Rb2 75. Ne3 Rf2+ 76. Ke1 Nf3+ 77. Kd1 g2 78. Nxg2 Rxg2
79. c5 Rd2+ 80. Kc1 Rd4 81. Ra5 Rxe4 82. Kd1 Ke6 83. Ra8 Nd4 84. a5 Nc6 85. a6
Ra4 86. Kc1 Kd5 87. Kb2 Kxc5 88. Kb3 Ra1 89. Kb2 Ra5 0-1

[Event "Bayern-chTT (Oberliga)"]
[Site "Bayern 2008/09"]
[Date "2008.10.26"]
[Round "2.8"]
[White "Schmid, Michael(77)"]
[Black "Ingerl, Florian"]
[Result "1-0"]
[WhiteElo "2141"]
[BlackElo "1958"]
[PlyCount "39"]
[EventDate "2009.03.??"]
[EventType "team-tourn"]
[EventRounds "9"]
[WhiteTeam "Königshofen 1"]
[BlackTeam "Gröbenzell 1"]

1. e4 c5 2. Nf3 d6 3. d4 cxd4 4. Nxd4 Nf6 5. Nc3 a6 6. Be3 Ng4 7. Qd2 Nxe3 8.
Qxe3 g6 9. e5 Bg7 10. exd6 Qxd6 11. O-O-O Qc7 12. Nd5 Qd6 13. Bb5+ Bd7 14.
Bxd7+ Nxd7 15. Rhe1 e5 16. Ne6 fxe6 17. Nf6+ Nxf6 18. Rxd6 Ng4 19. Rxe6+ Kd7
20. Qb3 1-0

[Event "Bayern-chTT (Oberliga)"]
[Site "Bayern 2008/09"]
[Date "2008.10.26"]
[Round "2.1"]
[White "Vokac, Marek"]
[Black "Klundt, Klaus"]
[Result "1/2-1/2"]
[WhiteElo "2441"]
[BlackElo "2310"]
[PlyCount "23"]
[EventDate "2009.03.??"]
[EventType "team-tourn"]
[EventRounds "9"]
[WhiteTeam "Krumbach 1"]
[BlackTeam "Burgsinn 1"]

1. d4 d5 2. c4 c6 3. Nf3 Nf6 4. Nc3 e6 5. e3 Nbd7 6. Qc2 Bd6 7. Be2 O-O 8. O-O
dxc4 9. Bxc4 b5 10. Be2 Bb7 11. Rd1 Qe7 12. e4 1/2-1/2

[Event "Bayern-chTT (Oberliga)"]
[Site "Bayern 2008/09"]
[Date "2008.10.26"]
[Round "2.2"]
[White "Chandler, Patrick"]
[Black "Riefner, Edwin"]
[Result "1/2-1/2"]
[WhiteElo "2217"]
[BlackElo "2234"]
[PlyCount "22"]
[EventDate "2009.03.??"]
[EventType "team-tourn"]
[EventRounds "9"]
[WhiteTeam "Burgsinn 1"]
[BlackTeam "Krumbach 1"]

1. d4 Nf6 2. Nf3 g6 3. c3 Bg7 4. Bf4 d5 5. e3 Nbd7 6. h3 c6 7. Nbd2 Qb6 8. Qc2
O-O 9. Bd3 Re8 10. Bh2 c5 11. O-O c4 1/2-1/2

[Event "Bayern-chTT (Oberliga)"]
[Site "Bayern 2008/09"]
[Date "2008.10.26"]
[Round "2.3"]
[White "Kempter, Ronald"]
[Black "Scheidt, Karlheinz"]
[Result "1/2-1/2"]
[WhiteElo "2223"]
[BlackElo "2086"]
[PlyCount "28"]
[EventDate "2009.03.??"]
[EventType "team-tourn"]
[EventRounds "9"]
[WhiteTeam "Krumbach 1"]
[BlackTeam "Burgsinn 1"]

1. Nf3 Nf6 2. g3 g6 3. Bg2 Bg7 4. O-O O-O 5. c4 d6 6. d4 Nbd7 7. Nc3 e5 8. dxe5
dxe5 9. h3 c6 10. e4 Qe7 11. Qc2 a5 12. b3 Re8 13. Bb2 h6 14. Rfd1 Nh7 1/2-1/2

[Event "Bayern-chTT (Oberliga)"]
[Site "Bayern 2008/09"]
[Date "2008.10.26"]
[Round "2.4"]
[White "Krauss, Josef"]
[Black "Wild, Rudolf(63)"]
[Result "1/2-1/2"]
[WhiteElo "2049"]
[BlackElo "2205"]
[PlyCount "30"]
[EventDate "2009.03.??"]
[EventType "team-tourn"]
[EventRounds "9"]
[WhiteTeam "Burgsinn 1"]
[BlackTeam "Krumbach 1"]

1. e4 c5 2. c3 d6 3. d4 Nf6 4. f3 e6 5. Be3 Qc7 6. Bd3 Be7 7. Ne2 Nbd7 8. O-O
b6 9. Nd2 Bb7 10. Qb1 O-O 11. a4 a6 12. Rc1 Rfc8 13. a5 b5 14. b4 c4 15. Bc2 e5
1/2-1/2

[Event "Bayern-chTT (Oberliga)"]
[Site "Bayern 2008/09"]
[Date "2008.10.26"]
[Round "2.6"]
[White "Karcevski, Mario"]
[Black "Fischer, Ernst(68)"]
[Result "1/2-1/2"]
[WhiteElo "2054"]
[BlackElo "1854"]
[PlyCount "35"]
[EventDate "2009.03.??"]
[EventType "team-tourn"]
[EventRounds "9"]
[WhiteTeam "Burgsinn 1"]
[BlackTeam "Krumbach 1"]

1. g3 Nf6 2. Bg2 g6 3. Nf3 Bg7 4. O-O O-O 5. d3 c5 6. e4 d6 7. h3 Nc6 8. c4 a6
9. Nc3 Rb8 10. Be3 e5 11. Qd2 Nd4 12. Bxd4 exd4 13. Ne2 b5 14. b3 Re8 15. Nh2
Bb7 16. f4 Nd7 17. f5 Ne5 18. Rae1 1/2-1/2

[Event "Bayern-chTT (Oberliga)"]
[Site "Bayern 2008/09"]
[Date "2008.10.26"]
[Round "2.7"]
[White "Wiendieck, Joerg"]
[Black "Tratberger, Rainer"]
[Result "1/2-1/2"]
[WhiteElo "1836"]
[BlackElo "1948"]
[PlyCount "33"]
[EventDate "2009.03.??"]
[EventType "team-tourn"]
[EventRounds "9"]
[WhiteTeam "Krumbach 1"]
[BlackTeam "Burgsinn 1"]

1. d4 d5 2. g3 Nf6 3. Bg2 c6 4. Nf3 Bf5 5. O-O h6 6. Nbd2 e6 7. c4 Be7 8. cxd5
exd5 9. Qb3 Qb6 10. Qxb6 axb6 11. Ne5 O-O 12. Nb3 Nbd7 13. Nxd7 Nxd7 14. Bd2
Nf6 15. Rfc1 Bd6 16. e3 Ne4 17. Be1 1/2-1/2

[Event "Bayern-chTT (Oberliga)"]
[Site "Bayern 2008/09"]
[Date "2008.10.26"]
[Round "2.8"]
[White "Ruetzel, Wolfgang"]
[Black "Jussupow, Alexander"]
[Result "1/2-1/2"]
[WhiteElo "2023"]
[BlackElo "2048"]
[PlyCount "41"]
[EventDate "2009.03.??"]
[EventType "team-tourn"]
[EventRounds "9"]
[WhiteTeam "Burgsinn 1"]
[BlackTeam "Krumbach 1"]

1. c4 e6 2. Nf3 d5 3. b3 Nf6 4. g3 b6 5. Bg2 Bb7 6. O-O Bd6 7. Bb2 O-O 8. d3 c5
9. e3 Nbd7 10. Nbd2 Qc7 11. Qe2 Ne5 12. Rfd1 Rad8 13. Rac1 Rfe8 14. cxd5 Nxf3+
15. Nxf3 Nxd5 16. d4 Qe7 17. dxc5 Bxc5 18. Ne5 Nf6 19. Rxd8 Rxd8 20. Rd1 Bxg2
21. Kxg2 1/2-1/2